[Event "Paleochora op 5th"]
[Site "Paleochora"]
[Date "2012.07.23"]
[Round "9"]
[White "Markidis, Konstantinos"]
[Black "Gimnopoulos, Lazaros"]
[Result "1-0"]
[WhiteElo "2291"]
[BlackElo "2109"]
[PlyCount "99"]
[EventDate "2012.07.16"]
[EventType "swiss"]
[EventRounds "9"]
[EventCountry "GRE"]
[SourceTitle "CBM 149 Extra"]
[Source "ChessBase"]
[SourceDate "2012.08.24"]
[SourceVersion "1"]
[SourceVersionDate "2012.08.24"]
[SourceQuality "1"]

1. e4 c5 2. Nf3 d6 3. c3 Nc6 4. h3 Nf6 5. Bd3 a6 6. Bc2 g6 7. 0-0 Bg7 8. d4 cxd4 9. cxd4 0-0 10. Nc3 b5 11. Bg5 h6 12. Be3 Bb7 13. Qd2 Kh7 14. b3 Rc8 15. Rac1 e6 16. Nh2 e5 17. d5 Ne7 18. a4 Nxe4 19. Bxe4 f5 20. f3 fxe4 21. fxe4 b4 22. Rxf8 Bxf8 23. Nd1 a5 24. Qf2 Rxc1 25. Bxc1 Bg7 26. Be3 Nc8 27. Qf7 Ba6 28. Nf2 Be2 29. Qb7 h5 30. Nf3 Bxf3 31. gxf3 Qf8 32. Kg2 Ne7 33. Bg5 Bf6 34. Be3 Bh4 35. Qc7 Qf6 36. Qxa5 g5 37. Qc7 Kh6 38. Qd8 Kg7 39. Qd7 Kf8 40. Qd8+ Kf7 41. Qd7 Bxf2 42. Kxf2 g4 43. hxg4 Qh4+ 44. Kg2 hxg4 45. Qxg4 Qe1 46. Bf2 Qd2 47. Qe6+ Ke8 48. Qf6 Nxd5 49. exd5 Qxd5 50. Bh4 1-0

[Event "GRE-chT 40th"]
[Site "Achaia"]
[Date "2012.07.03"]
[Round "5.6"]
[White "Gimnopoulos, Lazaros"]
[Black "Hristodoulou, Panagiotis"]
[Result "1/2-1/2"]
[WhiteElo "2109"]
[BlackElo "2223"]
[PlyCount "88"]
[EventDate "2012.06.30"]
[EventType "team-swiss"]
[EventRounds "7"]
[EventCountry "GRE"]
[SourceTitle "CBM 149 Extra"]
[Source "ChessBase"]
[SourceDate "2012.08.24"]
[SourceVersion "1"]
[SourceVersionDate "2012.08.24"]
[SourceQuality "1"]
[WhiteTeam "Florinas"]
[BlackTeam "Korydallos"]
[WhiteTeamCountry "GRE"]
[BlackTeamCountry "GRE"]

1. e4 e6 2. d4 d5 3. exd5 exd5 4. Bd3 Nc6 5. c3 Bd6 6. Qf3 Nge7 7. Ne2 Be6 8. Bf4 Ng6 9. Bxd6 Qxd6 10. Qg3 0-0-0 11. Qxd6 Rxd6 12. Nd2 Nce7 13. 0-0 h5 14. Rfe1 h4 15. h3 Bf5 16. Bxf5+ Nxf5 17. Nf3 f6 18. Rad1 Ra6 19. Nc1 Nf4 20. a3 Rb6 21. Rd2 Kd7 22. Ne2 Nxe2+ 23. Rexe2 Nd6 24. Rc2 Nc4 25. Ne1 Re6 26. Nd3 b6 27. Rxe6 Kxe6 28. Nf4+ Kd6 29. Re2 g5 30. Nd3 Rg8 31. f3 c5 32. dxc5+ bxc5 33. b4 cxb4 34. axb4 a5 35. bxa5 Ra8 36. Ra2 Rxa5 37. Rxa5 Nxa5 38. Kf2 Nc4 39. f4 gxf4 40. Nxf4 Ke5 41. Ng6+ Ke4 42. Ke2 d4 43. cxd4 Kxd4 44. Nxh4 Ke4 1/2-1/2

[Event "GRE CupT final"]
[Site "Eretria"]
[Date "2011.07.01"]
[Round "2"]
[White "Pavlidis, Antonios"]
[Black "Gimnopoulos, Lazaros"]
[Result "1-0"]
[WhiteElo "2419"]
[BlackElo "2144"]
[PlyCount "121"]
[EventDate "2011.06.30"]
[EventType "match"]
[EventRounds "2"]
[EventCountry "GRE"]
[SourceTitle "EXT 2012"]
[Source "ChessBase"]
[SourceDate "2011.11.24"]
[SourceVersion "1"]
[SourceVersionDate "2011.11.24"]
[SourceQuality "1"]

1. e4 e6 2. d4 d5 3. e5 c5 4. c3 Nc6 5. Nf3 cxd4 6. cxd4 Nge7 7. Bd3 Nb4 8. Be2 Nf5 9. a3 Nc6 10. b4 Be7 11. 0-0 f6 12. g4 Nfxd4 13. Nxd4 fxe5 14. Nb3 0-0 15. f3 Nd4 16. Nxd4 exd4 17. f4 a5 18. b5 Bc5 19. Bd3 Qh4 20. Qe1 Qxg4+ 21. Qg3 e5 22. fxe5 Rxf1+ 23. Bxf1 d3+ 24. Kh1 Qd4 25. Bh6 Bg4 26. Nd2 gxh6 27. Nb3 Qe3 28. Qxg4+ Kh8 29. Qg3 Rg8 30. Qxe3 Bxe3 31. Bxd3 a4 32. Re1 Bf2 33. Rf1 Be3 34. Nc1 Re8 35. Ne2 Rxe5 36. Rf5 Rxf5 37. Bxf5 Bc5 38. Bc2 Bxa3 39. Bxa4 Kg7 40. Bb3 Kf6 41. Bxd5 b6 42. Be4 Ke5 43. Bxh7 Bc5 44. Kg2 Bd6 45. Bg6 Bc5 46. h4 Be7 47. Kg3 Kf6 48. Be8 Ke5 49. Kg4 Bb4 50. Ng3 Be1 51. Nf5 Bd2 52. Bd7 Kf6 53. Kh5 Kf7 54. Nxh6+ Kg7 55. Nf5+ Kf6 56. Kg4 Kg6 57. Kf3 Bb4 58. Ke4 Be1 59. Be8+ Kf6 60. h5 Bc3 61. h6 1-0

[Event "GRE CupT final"]
[Site "Eretria"]
[Date "2011.06.30"]
[Round "1"]
[White "Gimnopoulos, Lazaros"]
[Black "Kouvatsos, Filippos"]
[Result "1/2-1/2"]
[WhiteElo "2144"]
[BlackElo "2152"]
[PlyCount "61"]
[EventDate "2011.06.30"]
[EventType "match"]
[EventRounds "2"]
[EventCountry "GRE"]
[SourceTitle "EXT 2012"]
[Source "ChessBase"]
[SourceDate "2011.11.24"]
[SourceVersion "1"]
[SourceVersionDate "2011.11.24"]
[SourceQuality "1"]

1. e4 c6 2. d4 d5 3. exd5 cxd5 4. Bd3 Nc6 5. c3 Qc7 6. h3 e6 7. Nf3 Nf6 8. Nbd2 Bd6 9. Qe2 0-0 10. 0-0 a6 11. Re1 b5 12. Ne5 b4 13. Ndf3 bxc3 14. bxc3 Bb7 15. Bd2 Ne4 16. Rac1 Nxe5 17. Nxe5 Rac8 18. Rb1 Bxe5 19. dxe5 Nxd2 20. Qxd2 Qxc3 21. Qe2 Qc6 22. Rxb7 Qxb7 23. Bxa6 Qc7 24. Bxc8 Rxc8 25. a4 h6 26. Qd2 Qc4 27. a5 d4 28. Rd1 Ra8 29. Qxd4 Qxd4 30. Rxd4 Rxa5 31. Re4 1/2-1/2

[Event "Nikaia op 15th"]
[Site "Nikaia"]
[Date "2007.08.29"]
[Round "8"]
[White "Gimnopoulos, Lazaros"]
[Black "Simeonidis, Haralambos"]
[Result "1-0"]
[WhiteElo "2172"]
[BlackElo "1964"]
[PlyCount "79"]
[EventDate "2007.08.23"]
[EventType "swiss"]
[EventRounds "9"]
[EventCountry "GRE"]
[SourceTitle "CBM 120 Extra"]
[Source "ChessBase"]
[SourceDate "2007.11.01"]
[SourceVersion "1"]
[SourceVersionDate "2007.11.01"]
[SourceQuality "1"]

1. e4 e6 2. d4 d5 3. Nc3 dxe4 4. Nxe4 Bd7 5. Bd3 Bc6 6. Nf3 Nd7 7. Qe2 Be7 8. Bb5 Bxe4 9. Qxe4 c6 10. Bd3 Ngf6 11. Qe2 0-0 12. Bd2 Re8 13. h4 c5 14. c3 cxd4 15. Nxd4 a6 16. 0-0-0 Qc7 17. g4 Ne5 18. Bc2 Nexg4 19. Rdg1 Qe5 20. Qf1 b5 21. f3 Ne3 22. f4 Qxd4 23. Rxg7+ Kh8 24. Qg1 Qd5 25. Bxe3 Rg8 26. Rg5 Qf3 27. Qe1 Ng4 28. Bd4+ Bf6 29. Rf1 Qh3 30. Rh1 Qf3 31. Rh5 Rg7 32. Be4 Bxd4 33. cxd4 Rc8+ 34. Rc5 Rxc5+ 35. dxc5 Qe3+ 36. Qxe3 Nxe3 37. Re1 Nf5 38. Bxf5 exf5 39. Re8+ Rg8 40. Rxg8+ 1-0

[Event "Nikaia op 15th"]
[Site "Nikaia"]
[Date "2007.08.27"]
[Round "6"]
[White "Gimnopoulos, Lazaros"]
[Black "Pavlis, Antonios"]
[Result "1-0"]
[WhiteElo "2172"]
[BlackElo "1821"]
[PlyCount "75"]
[EventDate "2007.08.23"]
[EventType "swiss"]
[EventRounds "9"]
[EventCountry "GRE"]
[SourceTitle "CBM 120 Extra"]
[Source "ChessBase"]
[SourceDate "2007.11.01"]
[SourceVersion "1"]
[SourceVersionDate "2007.11.01"]
[SourceQuality "1"]

1. e4 d5 2. Nc3 d4 3. Nce2 Nf6 4. c3 Nxe4 5. Nxd4 c6 6. Bc4 Nf6 7. Ngf3 Bg4 8. Bxf7+ Kxf7 9. Ne5+ Ke8 10. Nxg4 Qd5 11. Ne3 Qf7 12. 0-0 e5 13. Nf3 Bd6 14. Nf5 Bc7 15. Ng5 Qg6 16. Ne6 Kd7 17. Nc5+ Ke8 18. Qb3 Qxf5 19. Qxb7 Nfd7 20. Nxd7 Qxd7 21. Qxa8 Bd6 22. d4 exd4 23. cxd4 Kf7 24. d5 Rf8 25. Be3 c5 26. Rac1 Rc8 27. Bxc5 Bxc5 28. Rxc5 Rxc5 29. Qxb8 Rxd5 30. Qb3 Kf6 31. Re1 h6 32. h3 Rd2 33. Qf3+ Kg6 34. Qe4+ Kf7 35. Re3 Rxb2 36. Qc4+ Kf8 37. Rf3+ Ke8 38. Qg8+ 1-0

[Event "Pireus-ch"]
[Site "Athens"]
[Date "2001.11.28"]
[Round "2"]
[White "Karagiannis, Athanasios"]
[Black "Gimnopoulos, Lazaros"]
[Result "1-0"]
[WhiteElo "2371"]
[BlackElo "2157"]
[PlyCount "119"]
[EventDate "2001.11.29"]
[EventType "swiss"]
[EventRounds "7"]
[EventCountry "GRE"]
[SourceTitle "EXT 2003"]
[Source "ChessBase"]
[SourceDate "2002.11.25"]
[SourceVersion "1"]
[SourceVersionDate "2002.11.25"]
[SourceQuality "1"]

1. d4 c5 2. d5 Nf6 3. Nc3 g6 4. e4 d6 5. Bb5+ Nfd7 6. a4 Bg7 7. Nf3 0-0 8. 0-0 Na6 9. Re1 Rb8 10. Bf4 Nc7 11. Qd2 a6 12. Bxd7 Bxd7 13. e5 Bg4 14. exd6 exd6 15. Ng5 Bf5 16. h3 h6 17. Nge4 Bxe4 18. Nxe4 f5 19. Nc3 g5 20. Bh2 Bd4 21. Kh1 Qf6 22. f4 Rbe8 23. fxg5 hxg5 24. Rxe8 Rxe8 25. Rf1 f4 26. Qd1 Qe5 27. Qg4 Qg7 28. Qf5 Rf8 29. Qd3 Bxc3 30. bxc3 b5 31. axb5 axb5 32. Re1 c4 33. Qf3 Re8 34. Rxe8+ Nxe8 35. Bg1 Qf7 36. Bd4 Nc7 37. Qg4 Nxd5 38. Qxg5+ Kh7 39. Kg1 b4 40. cxb4 Nxb4 41. c3 Nd3 42. Qd8 Qe6 43. Qc7+ Kg6 44. Qg7+ Kf5 45. Qh7+ Kg5 46. h4+ Kg4 47. Qg7+ Kf5 48. Qg5+ Ke4 49. h5 Ne5 50. Bxe5 dxe5 51. h6 Qb6+ 52. Kh2 Qc7 53. Qg6+ Ke3 54. Qg7 Qd8 55. Qxe5+ Kd3 56. Qxf4 Kxc3 57. h7 Qh8 58. Qg3+ Kd2 59. Qg5+ Kd3 60. Qg8 1-0